header

Theory of education (Record no. 40507)

MARC details
000 -LEADER
fixed length control field 01210nam a2200325Ia 4500
082 04 - DEWEY DECIMAL CLASSIFICATION NUMBER
Classification number 370/.7/2
100 1# - MAIN ENTRY--AUTHOR NAME
Personal name Turner, David A.,
245 10 - TITLE STATEMENT
Title Theory of education
260 ## - PUBLICATION, DISTRIBUTION, ETC. (IMPRINT)
Place of publication London ;
-- New York :
Name of publisher Continuum,
Year of publication c2004.
300 ## - PHYSICAL DESCRIPTION
Number of Pages ix, 205 p. :
Other physical details ill.
650 #0 - SUBJECT ADDED ENTRY--TOPICAL TERM
Topical Term Education
Topical Term Educational planning.
856 40 - ELECTRONIC LOCATION AND ACCESS
Uniform Resource Identifier http://site.ebrary.com/lib/rucke/Doc?id=10224692

No items available.

© 2026 Rongo University
Contact us: librarian | system librarian | Rongo university